| 000 | 01286cam a2200385 i 4500 | ||
|---|---|---|---|
| 001 | data | ||
| 005 | 20260322212106.0 | ||
| 008 | data | ||
| 035 | _a20837914 | ||
| 906 |
_a7 _bcbc _ccopycat _d2 _eepcn _f20 _gy-gencatlg |
||
| 925 | 0 |
_aacquire _b1 shelf copy _xpolicy default |
|
| 010 | _a 2019933121 | ||
| 015 |
_aGBB940639 _2bnb |
||
| 016 | 7 |
_a019280137 _2Uk |
|
| 020 |
_a9780198829263 _q(pbk.) |
||
| 020 | _a0198829264 | ||
| 035 | _a(OCoLC)1090426305 | ||
| 040 |
_aUKMGB _beng _cUKMGB _erda _dDLC _dOCLCF _dDLC |
||
| 042 | _alccopycat | ||
| 050 | 0 | 0 |
_aK840 _b.A977 2019 |
| 082 | 0 | 4 |
_a346.022 _223 |
| 100 | 1 |
_aArvind, T. T. _q(Thiruvallore Thattai), _eauthor. |
|
| 245 | 1 | 0 |
_aContract law / _cT.T. Arvind. |
| 250 | _aSecond edition. | ||
| 264 | 1 |
_aOxford : _bOxford University Press, _c[2019] |
|
| 300 |
_axxxix, 593 pages ; _c25 cm |
||
| 336 |
_atext _2rdacontent |
||
| 337 |
_aunmediated _2rdamedia |
||
| 338 |
_avolume _2rdacarrier |
||
| 504 | _aIncludes bibliographical references and index. | ||
| 505 | 0 | _aIntroduction -- Forming contracts -- Keeping contracts -- Regulating contracts -- Enforcing contracts. | |
| 650 | 0 | _aContracts. | |
| 650 | 7 |
_aContracts. _2fast _0(OCoLC)fst00876969 |
|
| 999 |
_c1563 _d1563 |
||